000 00667nam a2200289Ia 4500
005 20260324122258.0
008 008 260324s9999 xx 000 0 eng d
020 _a9780203080016
037 _aEBOOK
040 _aCRL
040 _beng
040 _cCRL
041 _2eng
041 _aeng
084 _qCRL
100 _aRichard McMahon
_91045776
245 0 _aPost-identity?
245 0 _bCulture and European Integration
260 _bTaylor and Francis
260 _c2013
365 _a
365 _b240
856 _uhttp://www.taylorfrancis.com/books/9780203080016
942 _cEBOOK
999 _c1758441
_d1758441